000 01173cab a22002655a 4500
001 L155994
008 120424e20120421xxk 000 0 eng d
035 _a(Sirsi) u155994
041 0 _aeng
100 1 _aPilkington, Lisa
245 0 0 _aFocus
_bEast Midlands
490 _aEstates Gazette
_v(1216) 21 April 2012, 63-81(15)
520 _aProfiles MIRA vehicle testing facility at Hinckley near Nuneaton which is being transformed into an enterprise zone. Reviews the Derby office market including the Friar Gate Square office development. Asseses the effect the Nottingham workplace park levey will have on the Nottingham commercial property market. Reviews retail and industrial market developments in Nottingham, Derby, Leicester and Lincoln. Market health check on take up, availability and rents in Leicester, Nottingham, Northampton, Derby and Lincoln.
590 _aKA
651 4 _aWARKSHIRE
651 4 _aDERBYSHIRE
651 4 _aNOTTINGHAMSHIRE
651 4 _aLINCOLNSHIRE
651 4 _aNORTHAMPTONSHIRE
690 _aCommercial property
_96227
700 1 _aThame, David
700 1 _aFaithfull, Mark
700 1 _aMorrison, Adrian
942 _n0
999 _c83940
_d83940